Dance matters: (Record no. 39826)
[ view plain ]
| 000 -LEADER | |
|---|---|
| fixed length control field | 02130nam a22003257a 4500 |
| 010 ## - LCCN (DPL NO) | |
| LC control number | ENG-98676 B-424868-872 |
| 020 ## - INTERNATIONAL STANDARD BOOK NUMBER | |
| Terms of availability | 795.00 |
| International Standard Book Number | 97804415553759 |
| 035 ## - SYSTEM CONTROL NUMBER | |
| System control number | EN-82208 |
| 035 ## - SYSTEM CONTROL NUMBER | |
| System control number | B-424868-872 |
| 037 ## - SOURCE OF ACQUISITION | |
| Source of stock number/acquisition | DBAD / PUB |
| 037 ## - SOURCE OF ACQUISITION | |
| Source of stock number/acquisition | Researchco Book Centre |
| 082 ## - DEWEY DECIMAL CLASSIFICATION NUMBER | |
| Classification number | 792.8071 |
| 245 ## - TITLE STATEMENT | |
| Title | Dance matters: |
| Statement of responsibility, etc | edited by Pallabi Chakravorty [and] Nilanjana Gupta |
| Remainder of title | performing India / |
| 260 ## - PUBLICATION, DISTRIBUTION, ETC. (IMPRINT) | |
| Place of publication, distribution, etc | New Delhi |
| Name of publisher, distributor, etc | Routledge |
| Date of publication, distribution, etc | 2010 |
| 270 ## - ADDRESS | |
| Address | 912-915 Tolstoy House, 15-17 Tolstoy Marg, |
| City | New Delhi |
| Postal code | 110001 |
| 300 ## - PHYSICAL DESCRIPTION | |
| Extent | xx, 312p. |
| Dimensions | 22cm (Hb) |
| 500 ## - GENERAL NOTE | |
| General note | Includes bibliographical references and index |
| 505 ## - FORMATTED CONTENTS NOTE | |
| Formatted contents note | |
| 600 ## - SUBJECT ADDED ENTRY--PERSONAL NAME | |
| Personal name | Baba Visakha Singh |
| General subdivision | Biography. |
| 700 ## - ADDED ENTRY--PERSONAL NAME | |
| 9 (RLIN) | 6162 |
| Personal name | Chakravorty, Pallabi |
| 700 ## - ADDED ENTRY--PERSONAL NAME | |
| Personal name | Gupta, Nilanjana |
| 9 (RLIN) | 7860 |
| 942 ## - ADDED ENTRY ELEMENTS (KOHA) | |
| Source of classification or shelving scheme | Dewey Decimal Classification |
| Item type | English Books |
| Call number suffix | DAN |
| Classification part | 792.8071 |
| Withdrawn status | Lost status | Not for loan | Collection code | Home library | Current library | Date acquired | Source of acquisition | Cost, normal purchase price | Full call number | Barcode | Copy number | Cost, replacement price | Koha item type |
|---|---|---|---|---|---|---|---|---|---|---|---|---|---|
| Non-fiction | Central Library | Central Library | 09/08/2011 | Researchco Book Centre/RBC-22386/2011-12/14.3.11/76/4.3.11/23.3.11 | 795.00 | 792.8071 DAN | B-424868 | 2 | 795.00 | English Books | |||
| Non-fiction | Central Library | Central Library | 09/08/2011 | Researchco Book Centre/RBC-22386/2011-12/14.3.11/76/4.3.11/23.3.11 | 795.00 | 792.8071 DAN | B-424869 | 2 | 795.00 | English Books | |||
| Not For Loan | Non-fiction | D.B.Act.Division | D.B.Act.Division | 06/08/2010 | DBAD/PUB | 795.00 | 792.8071 DAN | EN-82208 | 1 | 795.00 | English Books | ||
| Non-fiction | Karol Bagh | Karol Bagh | 09/08/2011 | Researchco Book Centre/RBC-22386/2011-12/14.3.11/76/4.3.11/23.3.11 | 795.00 | 792.8071 DAN | B-424871 | 1 | 795.00 | English Books | |||
| Non-fiction | Sarojini Nagar | Sarojini Nagar | 09/08/2011 | Researchco Book Centre/RBC-22386/2011-12/14.3.11/76/4.3.11/23.3.11 | 795.00 | 792.8071 DAN | B-424870 | 1 | 795.00 | English Books | |||
| Non-fiction | Shahdara Branch | Shahdara Branch | 09/08/2011 | Researchco Book Centre/RBC-22386/2011-12/14.3.11/76/4.3.11/23.3.11 | 795.00 | 792.8071 DAN | B-424872 | 1 | 795.00 | English Books |
